• 首页
  • 本馆介绍
  • 公告通知
  • 最新文献
  • 馆藏检索
  • 电子资源
  • 读者导购
  • 参考咨询
  • 我的图书馆
  • 登录
  • 详细信息显示
  • 放入我的书架
  • 预约/预借图书
  • 作者相关作品
  • 分类相关作品
  • 丛书相关作品
  • 出版社相关作品

书目信息

  • 表格格式
  • 工作单格式
  • 卡片格式
题名:
堂·吉诃德
    
 
作者: 塞万提斯·萨维德拉 著 ;戴文婕 译
分册: 上  
出版信息: 北京   煤炭工业出版社  2017
页数: 2册(614页)
开本: 24cm
丛书名: 世界文学名著全译本
单 册:
中图分类: I551.43
科图分类:
主题词: 长篇小说--西班牙--中世纪
电子资源:
ISBN: 978-7-5020-5497-7
000 00853oam2 2200253 450
001 2369089026
005 20231110123700.99
010    @a978-7-5020-5497-7@dCNY49.00
100    @a20181129d2017 em y0chiy50 ea
101 1  @achi@cspa
102    @aCN@b110000
105    @ay z 000ay
200 1  @a堂·吉诃德@Atang · ji he de@dDon Quijote de la Mancha@h上@f(西)塞万提斯著@g戴文婕译@zspa
210    @a北京@c煤炭工业出版社@d2017
215    @a2册(614页)@d24cm
225 1  @a世界文学名著全译本@v83
461  0 @12001 @a世界文学名著全译本
510 1  @aDon Quijote de la Mancha@zspa
606 0  @a长篇小说@y西班牙@z中世纪
690    @aI551.43@v5
701  0 @c(西)@a塞万提斯·萨维德拉@Asai wan ti si@c(Cervantes Saavedra, Miguel de@f1547~1616)@4著
702  0 @a戴文婕@Adai wen jie@4译
801  0 @aCN@b安徽时代@c20230923
905    @aBZT@dI551.43@e12:1
    
    堂·吉诃德=Don Quijote de la Mancha.上/(西)塞万提斯著/戴文婕译.-北京:煤炭工业出版社,2017
    2册(614页);24cm.-(世界文学名著全译本;83)
    
    
    ISBN 978-7-5020-5497-7:CNY49.00
    
●
相关链接 在五车中查询图书 在当当中查询图书 在豆瓣中查询图书


正题名:堂·吉诃德     索取号:I551.43/12:1         预约/预借

序号 登录号 条形码 馆藏地/架位号 状态 备注
1 2000927583   2000927583   315书库/四37架A面4层5列/ [索取号:I551.43/12:1] 在馆    
2 2000927584   2000927584   315书库/四37架A面4层5列/ [索取号:I551.43/12:1] 在馆    
3 2000927585   2000927585   315书库/四37架A面4层5列/ [索取号:I551.43/12:1] 在馆    
4 2000927586   2000927586   315书库/四37架A面4层5列/ [索取号:I551.43/12:1] 在馆    
5 2000927587   2000927587   315书库/四37架A面4层5列/ [索取号:I551.43/12:1] 在馆    
6 2000927588   2000927588   315书库/四37架A面4层5列/ [索取号:I551.43/12:1] 在馆    
山东省滨州职业学院图书馆 欢迎您!
大连网信软件有限公司© 版权所有